000 00432nam a22001697a 4500
003 MPLRDC
005 20220104142623.0
008 210129b ||||| |||| 00| 0 eng d
082 _a030.89 HXW c.2
100 _a黄勋吾编著
245 _a中国国学常识答问
_c
250 _a五版
260 _a
_b上海书局有限公司
_c1965
300 _b
650 _a汉学总论--国学丛书
942 _cBK
_o030.89 HXW c.2
999 _c32351
_d32341